00598nam a22001937a 450000500170000000800410001702000180005804000210007604100080009708200130010510000340011824501000015225000120025226000430026430000100030765000290031770000300034670000280037620240907065620.0240907b |||||||| |||| 00| 0 eng d a9789391447731 aIN-DiNCcIN-DiNC dasm a301bBOR aBorah, Birinchi Kumareauthor aSamajtattwik paripeksha (minor1)/cby Birinchi Kumar Borah, Himashree Baruah and Urbashi Konwar a1st ed. aGolaghat:bSaraswati prakashan,c2024. a151p. aSociological perspective aBaruah, Himashreeeauthor aKonwar, Urbashieauthor